Ч. II; Методы изотопной геологии

Bibliografische gegevens
Parent link:Методы изотопной геологии: тезисы докладов/ Академия наук СССР (АН СССР), Институт геохимии и аналитической химии им. В. И. Вернадского (ГЕОХИ РАН) ; Академия наук СССР (АН СССР), Институт геологии рудных месторождений, петрографии, минералогии и геохимии (ИГЕМ) ; под ред. Ю. А. Шуколюкова. Ч. II.— , 1987
Coauteur: Методы изотопной геологии школа-семинар
Taal:Russisch
Gepubliceerd in: 1987
Onderwerpen:
Formaat: Boek
KOHA link:https://koha.lib.tpu.ru/cgi-bin/koha/opac-detail.pl?biblionumber=256279

MARC

LEADER 00000nam2a2200000 4500
001 256279
005 20231101233112.0
020 |a RU  |b 87-90145 
035 |a (RuTPU)RU\TPU\book\278939 
090 |a 256279 
100 |a 20140407g1987 k y0rusy5003 ca 
101 0 |a rus 
102 |a RU 
105 |a y z 101zy 
200 0 |a Ч. II 
210 |d 1987 
215 |a 316 c. 
320 |a Библиогр. в конце докл. 
461 1 |0 (RuTPU)RU\TPU\book\290253  |t Методы изотопной геологии  |o тезисы докладов  |o Всесоюзная школа-семинар, 7-13 декабря 1987 г., Звенигород  |f Академия наук СССР (АН СССР), Институт геохимии и аналитической химии им. В. И. Вернадского (ГЕОХИ РАН) ; Академия наук СССР (АН СССР), Институт геологии рудных месторождений, петрографии, минералогии и геохимии (ИГЕМ) ; под ред. Ю. А. Шуколюкова  |v Ч. II  |d 1987 
606 1 |a Изотопная геология  |2 stltpush  |3 (RuTPU)RU\TPU\subj\12340  |9 39143 
610 1 |a геохронология абсолютная 
610 1 |a кайнозойские отложения 
610 1 |a изотопы 
610 1 |a возраст 
610 1 |a геохимия 
610 1 |a школы-семинары 
675 |a 550.93(063)  |z rus  |v 3 
712 1 2 |a Методы изотопной геологии  |b школа-семинар  |e Звенигород  |f 1987 
801 0 |a RU  |b RuMRKP  |c 19950417  |g psbo 
801 1 |a RU  |b 63413507  |c 20140407 
801 2 |a RU  |b 63413507  |c 20140724  |g RCR 
942 |c BK